000 00265nam a2200109Ia 4500
008 190907s9999||||xx |||||||||||||| ||und||
100 _aBhaiji,Yusuf
245 0 _aCCIE Security Practice Labs
260 _aNew york
_bPrentice Hall
_c2004
300 _a517
942 _cBK
999 _c6337
_d6337